[Event "Regionalliga SW9697"]
[Site "Bayern"]
[Date "1997.??.??"]
[Round "?"]
[White "Mueller, Christian"]
[Black "Jicman, Ligia"]
[Result "0-1"]
[WhiteElo "2225"]
[BlackElo "2180"]

1.e4 c5 2.Nf3 Nc6 3.Bb5 g6 4.O-O Bg7 5.Re1 e5 6.a3 Nge7 7.b4 d6 8.bxc5 dxc5
9.a4 O-O 10.Ba3 b6 11.d3 Nd4 12.Nxd4 exd4 13.Nd2 Kh8 14.Bc4 Ng8 15.Bc1 Bb7
16.Nf3 f5 17.Ng5 fxe4 18.dxe4 Qf6 19.Ra3 Qxf2+ 20.Kh1 Nh6 21.Rf1 Ng4 22.Nh3 Qh4
23.Bg5 Qh5 24.Be2 Rxf1+ 25.Qxf1 Bxe4 26.Qf4 Bf5 27.Rg3 h6 28.Bf6 Nxf6 29.Bxh5 Nxh5
30.Qf2 Nxg3+ 31.hxg3 Bxh3 32.gxh3 Re8 33.Qf7 Re1+ 34.Kg2 Kh7  0-1

[Event "Regionalliga SW9697"]
[Site "Bayern"]
[Date "1997.??.??"]
[Round "?"]
[White "Mueller, Christian"]
[Black "Schuetz, Guenter"]
[Result "0-1"]
[WhiteElo "2225"]
[BlackElo "2200"]

1.e4 c5 2.Nf3 Nc6 3.Bb5 g6 4.O-O Bg7 5.c3 Nf6 6.Re1 O-O 7.d4 cxd4 8.cxd4 d5
9.e5 Ne8 10.Nc3 Nc7 11.Bxc6 bxc6 12.h3 Ne6 13.Na4 Rb8 14.b3 Re8 15.Ba3 Bh6
16.Bc1 Bg7 17.Qd2 Ba6 18.Ba3 Qd7 19.Nc5 Nxc5 20.Bxc5 Rb7 21.Rad1 Rb5 22.Qf4 Qc7
23.Qh4 Bc8 24.Re3 h6 25.g4 g5 26.Qh5 Be6 27.h4 Qd7 28.hxg5 Bxg4 29.Qh4 Qf5
30.gxh6 Bxh6 31.Qxh6 Bxf3 32.Rdd3 Qg4+ 33.Kf1 Qg2+ 34.Ke1 Qg1+ 35.Kd2 Qd1+  0-1

[Event "Regionalliga SW9697"]
[Site "Bayern"]
[Date "1997.??.??"]
[Round "?"]
[White "Reiter, Markus"]
[Black "Kugelmann, Werner"]
[Result "1/2-1/2"]
[WhiteElo "2080"]
[BlackElo "2120"]

1.e4 c5 2.Nf3 Nc6 3.Bb5 g6 4.O-O Bg7 5.c3 Nf6 6.Re1 O-O 7.d4 cxd4 8.cxd4 d6
9.h3 Bd7 10.Nc3 a6 11.Bf1 Rc8 12.Bg5 h6 13.Bxf6 Bxf6 14.e5 dxe5 15.dxe5 Bg7
16.Qb3 Na5 17.Qb4 b5 18.Nd4 Nc6 19.Nxc6 Rxc6 20.Rac1 Be6  1/2-1/2

[Event "Landesliga Sued9798"]
[Site "Bayern"]
[Date "1997.??.??"]
[Round "?"]
[White "Rohrmueller, Ulrich"]
[Black "Schmidt, Anton"]
[Result "1-0"]
[WhiteElo "2205"]
[BlackElo "2085"]

1.e4 c5 2.Nf3 Nc6 3.Bb5 g6 4.O-O Bg7 5.Re1 Nf6 6.e5 Nd5 7.Nc3 Nc7 8.Bxc6 dxc6
9.Ne4 Ne6 10.d3 O-O 11.Be3 b6 12.Qd2 Nd4 13.Nxd4 cxd4 14.Bh6 Bxe5 15.Bxf8 Qxf8
16.f4 Bg7 17.a4 Bb7 18.b4 Bh6 19.Qf2 Qb8 20.Ng5 Qd6 21.Qh4 Bxg5 22.Qxg5 e6
23.Rab1 Rd8 24.Qe5 Qe7 25.f5 gxf5 26.Qxf5 Rd5 27.Re5 Qh4 28.Qe4 Qxe4 29.Rxe4 Rg5
30.Rxd4 c5 31.Rd8+ Kg7 32.g3 cxb4 33.Rxb4 Re5 34.Kf2 Bc6 35.Rc8 Rf5+ 36.Ke2 Bf3+
37.Ke3 Bh5 38.g4 Re5+ 39.Kf4 Re2 40.gxh5 Rxh2 41.Rb5 Rh4+ 42.Kg5  1-0

[Event "Oberliga Bayern9798"]
[Site "Bayern"]
[Date "1997.??.??"]
[Round "?"]
[White "Lickleder, Andreas"]
[Black "Dvorietzky, Mark I"]
[Result "0-1"]
[WhiteElo "2155"]
[BlackElo "2475"]

1.e4 c5 2.Nf3 Nc6 3.Bb5 e6 4.Bxc6 bxc6 5.O-O Ne7 6.b3 Ng6 7.Bb2 Qc7 8.d3 e5
9.Nbd2 Be7 10.Nc4 d6 11.Ne3 O-O 12.Ne1 f5 13.exf5 Bxf5 14.Nxf5 Rxf5 15.g3 Raf8
16.Ng2 Bg5 17.Bc1 Bxc1 18.Rxc1 Qf7 19.Qe2 Rf3 20.Ne1 Rf6 21.Rd1 Ne7 22.Rd2 Nd5
23.Qe4 Qd7 24.f3 R8f7 25.Rdf2 Nc7 26.Ng2 Ne6 27.f4 exf4 28.Nxf4 Ng5 29.Qg2 d5
30.h4 Rxf4 31.Rxf4 Nh3+ 32.Kh2 Nxf4 33.Rxf4 Rxf4 34.gxf4 Qe7 35.Qf2 Kf7 36.Kg3 h5
37.Kf3 Qe6 38.Qg3 g6 39.Kf2 Qf6 40.Ke2 Qe6+ 41.Kf2 Qf6 42.Ke2 Qf5 43.Kd2 Qg4
44.Qf2 d4 45.b4 Qf5 46.a3 Qd5 47.Qe2 cxb4 48.axb4 Qd6 49.Qe4 Qxb4+ 50.Kd1 Qc5
51.Kc1 Qd5 52.Kb2 Qxe4 53.dxe4 a5  0-1

[Event "BEL-chT9697"]
[Site "BEL"]
[Date "1997.??.??"]
[Round "2"]
[White "Motwani, Paul"]
[Black "Paavilainen, Jorma"]
[Result "1/2-1/2"]
[WhiteElo "2490"]
[BlackElo "2330"]

1.e4 c5 2.Nf3 Nc6 3.Bb5 d6 4.d4 cxd4 5.Qxd4 Bd7 6.Bxc6 Bxc6 7.Nc3 Nf6 8.Bg5 e6
9.O-O-O Be7 10.Rhe1 O-O 11.Qd2 Qa5 12.Kb1 Qa6 13.Nd4 b5 14.f3 Rfc8 15.g4 Qb7
16.h4 a5 17.Nce2 b4 18.Ng3 Ra6 19.Nh5 Ne8 20.Bxe7 Qxe7 21.g5 Bb7 22.f4 Qc7
23.Ng3 Qc4 24.h5 a4 25.Re3 Rb6 26.g6 Nf6 27.gxf7+ Kxf7 28.b3  1/2-1/2

[Event "BEL-chT9697"]
[Site "BEL"]
[Date "1997.??.??"]
[Round "5"]
[White "Tonoli, Jose"]
[Black "Meessen, Rudolf"]
[Result "0-1"]
[WhiteElo "2200"]
[BlackElo "2310"]

1.e4 c5 2.Nf3 Nc6 3.Bb5 g6 4.O-O Bg7 5.c3 Nf6 6.Re1 O-O 7.d4 d5 8.exd5 Qxd5
9.dxc5 Qxc5 10.Na3 a6 11.Be3 Qd5 12.Be2 Qxd1 13.Raxd1 Be6 14.Bc4 Bg4 15.Be2 Be6
16.Bc4 Bg4 17.Be2 Rfd8 18.h3 Be6 19.Bc4 Nd5 20.Ng5 Nxe3 21.Rxd8+ Rxd8 22.Bxe6 fxe6
23.Rxe3 Bh6 24.h4 Rd1+ 25.Kh2 Rd2 26.Kg3 Rxb2 27.Nc4 Rxa2 28.Rxe6 Rc2 29.Re3 Bg7
30.Ne4 b5 31.Nb6 a5 32.Nd5 a4 33.Nc5 a3 34.Re6 a2 35.Rxc6 a1=Q 36.Ne6 Be5+
37.Kf3 Qd1+ 38.Ke4 Qe2+ 39.Ne3 Rxc3 40.Nf4 Bxf4 41.Rxc3 Bxe3  0-1

[Event "BEL-chT9697"]
[Site "BEL"]
[Date "1997.??.??"]
[Round "6"]
[White "Glek, Igor V"]
[Black "Lemmers, Oscar"]
[Result "1-0"]
[WhiteElo "2670"]
[BlackElo "2360"]

1.e4 c5 2.Nf3 Nc6 3.Bb5 g6 4.O-O Bg7 5.Re1 Nf6 6.c3 O-O 7.e5 Ne8 8.d4 cxd4
9.cxd4 Nc7 10.Nc3 d6 11.exd6 Qxd6 12.Bg5 Ne6 13.Ne4 Qd8 14.Bxc6 Nxg5 15.Nexg5 bxc6
16.Rc1 h6 17.Ne4 Bg4 18.Rxc6 Bxf3 19.Qxf3 Qxd4 20.Rc2 Rac8 21.Rd2 Qb4 22.a3 Qb6
23.b4 a5 24.Qb3 axb4 25.axb4 Rb8 26.Rb1 Rfc8 27.h4 Qb5 28.Rd5 Qe2 29.Ng3 Qg4
30.h5 Rc3 31.Qa2 Rbc8 32.hxg6 Qxg6 33.Rbd1 Rc2 34.Qa7 e6 35.R5d3 Rc1 36.Qe3 Rxd1+
37.Rxd1 Qg4 38.Qb3 Rc3 39.Qb1 f5 40.Nf1 Qc4 41.Ne3 Qb3 42.b5 Qxb1 43.Rxb1 f4
44.Nf1 Rc7 45.b6 Rb7 46.Nd2 Bd4 47.Nc4 Kf8 48.Kf1 Ke7 49.Ke2 e5 50.f3 Ke6
51.Rb5 h5 52.Kd3 Rd7 53.b7 Ba7+ 54.Kc3 Rg7 55.b8=Q Bxb8 56.Rxb8 Rxg2 57.Re8+ Kf6
58.Kd3 Ra2 59.Nxe5 Ra3+ 60.Kd4 Ra4+ 61.Nc4 Kg5 62.Rg8+ Kh4 63.Kd5 Rb4 64.Nd2 Rb2
65.Nc4 Rb7 66.Ke4 Rb4 67.Kd5 Rb7  1-0

[Event "BEL-chT9697"]
[Site "BEL"]
[Date "1997.??.??"]
[Round "11"]
[White "Cools, Gorik"]
[Black "Hausrath, Daniel"]
[Result "1/2-1/2"]
[WhiteElo "2270"]
[BlackElo "2440"]

1.e4 c5 2.Nf3 Nc6 3.Bb5 g6 4.O-O Bg7 5.c3 Nf6 6.Re1 O-O 7.d4 cxd4 8.cxd4 d5
9.e5 Ne4 10.Nc3 Nxc3 11.bxc3 Qa5 12.a4 Bg4 13.Re3 a6 14.Bf1 f6 15.exf6 Rxf6
16.Be2 Raf8 17.h3 Bf5 18.Nd2 Bh6  1/2-1/2

[Event "Belfort"]
[Site "Belfort"]
[Date "1997.??.??"]
[Round "5"]
[White "Rozentalis, Eduardas"]
[Black "Degraeve, Jean Marc"]
[Result "0-1"]
[WhiteElo "2645"]
[BlackElo "2540"]

1.e4 c5 2.Nf3 Nc6 3.Bb5 g6 4.O-O Bg7 5.c3 Nf6 6.Re1 O-O 7.d4 d5 8.e5 Ne4
9.Bxc6 bxc6 10.Nbd2 Nxd2 11.Nxd2 cxd4 12.cxd4 c5 13.dxc5 Qc7 14.Nf3 Qxc5
15.Nd4 Bd7 16.b3 Rfc8 17.Bb2 Qa5 18.Qe2 Rc7 19.a4 Qb6 20.Rad1 Rac8 21.Ba3 Be8
22.Qd2 Qb7 23.Bb4 Rb8 24.Bc3 Rbc8 25.Ba5 Rc5 26.Bb4 R5c7 27.f4 Bd7 28.Re3 Bg4
29.Rf1 Bf5 30.Ba5 Rc5 31.Bc3 Be4 32.Rg3 Qc7 33.Nb5 Qb7 34.h4 a6 35.Nd4 Qc7
36.Bb2 Qb6 37.Qf2 e6 38.h5 R5c7 39.hxg6 fxg6 40.Kh2 Kf7 41.Qe3 Bf8 42.Rf2 Bc5
43.a5 Qb4 44.f5 Bxf5 45.Qh6 Bxd4 46.Rxf5+ exf5 47.Qxh7+ Ke8 48.Qxg6+ Kd7
49.Qf7+ Kc6 50.Rg6+ Kb7 51.Qxd5+ Kb8 52.Bxd4 Rh7+ 53.Kg3 Qe1+ 54.Kf4 Qd2+
55.Kxf5 Rf8+ 56.Ke6 Re8+ 57.Kf5 Qd3+ 58.Kg5 Qg3+ 59.Kf5 Rh5+ 60.Kf6 Qf4+  0-1

[Event "Belfort"]
[Site "Belfort"]
[Date "1997.??.??"]
[Round "7"]
[White "Relange, Eloi"]
[Black "Kosten, Anthony C"]
[Result "1-0"]
[WhiteElo "2505"]
[BlackElo "2530"]

1.Nf3 c5 2.e4 Nc6 3.Bb5 d6 4.d4 cxd4 5.Qxd4 Bd7 6.Bxc6 Bxc6 7.Nc3 Nf6 8.Bg5 e6
9.O-O-O Be7 10.Qd3 O-O 11.Nd4 Qa5 12.h4 Rfc8 13.f3 Be8 14.g4 b5 15.Kb1 b4
16.Nce2 Qc7 17.Rhg1 a5 18.Nf4 a4 19.Nh5 Qd8 20.Nxg7 Kxg7 21.Nf5+ exf5 22.gxf5 Kh8
23.Qd4 h6 24.Bxh6 b3 25.cxb3 axb3 26.Rg8+ Kh7 27.Rdg1  1-0

[Event "Jugometal (Women)"]
[Site "Belgrade"]
[Date "1997.??.??"]
[Round "5"]
[White "Vuksanovic, Sanja"]
[Black "Prudnikova, Svetlana"]
[Result "0-1"]
[WhiteElo "2260"]
[BlackElo "2380"]

1.e4 c5 2.Nf3 Nc6 3.Bb5 g6 4.Bxc6 bxc6 5.O-O Bg7 6.Re1 Nh6 7.c3 f6 8.d4 cxd4
9.cxd4 d6 10.Nc3 Nf7 11.b3 O-O 12.Bb2 Qa5 13.Nd2 Ba6 14.Qc2 Rac8 15.Na4 Qh5
16.Re3 e5 17.b4 Bh6 18.Rh3 Qe2 19.Rd1 Qb5 20.Nb1 Qxb4 21.Ba3 Qc4 22.Qxc4 Bxc4
23.dxe5 fxe5 24.Nbc3 Rfd8 25.Nb2 Be6 26.Rhd3 Bf8 27.f3 Rb8 28.R3d2 d5 29.Bxf8 Kxf8
30.Nca4 dxe4 31.Nc5 Ke7 32.Nxe6 Kxe6 33.Rxd8 Nxd8 34.Nc4 exf3 35.gxf3 Nf7
36.Rd2 c5 37.Kf2 Rb4 38.Ne3 Nd6 39.Ke2 Nc4 40.Nxc4 Rxc4 41.Ke3 Rd4 42.Rc2 c4  0-1

[Event "Jugometal (Women)"]
[Site "Belgrade"]
[Date "1997.??.??"]
[Round "8"]
[White "Vuksanovic, Sanja"]
[Black "Maksimovic, Suzana"]
[Result "0-1"]
[WhiteElo "2260"]
[BlackElo "2290"]

1.e4 c5 2.Nf3 Nc6 3.Bb5 g6 4.Bxc6 dxc6 5.h3 Bg7 6.d3 e5 7.a3 Qe7 8.b4 Nf6
9.Nbd2 Nd7 10.bxc5 Nxc5 11.a4 Ne6 12.Nc4 Nf4 13.Ba3 c5 14.Ne3 O-O 15.h4 f5
16.Nd2 Bd7 17.g3 Bc6 18.O-O Rad8 19.gxf4 fxe4 20.Ng2 exf4 21.Qg4 exd3 22.Rae1 Qd6
23.Nc4 Qd5 24.cxd3 Qxd3 25.Rc1 h5 26.Qe6+ Kh7 27.Kh2 Bd5 28.Ne5 Bxe6 29.Nxd3 Rxd3
30.Bxc5 b6 31.Bxf8 Bxf8 32.Nxf4 Bd6 33.Kg2 Bxf4 34.Rc2 Bh3+ 35.Kg1 Bxf1 36.Kxf1 Rd4
37.Ra2 Bd6 38.a5 Rxh4 39.axb6 axb6 40.Ra7+ Kh6 41.Rb7 Bc5  0-1

[Event "Benasque op"]
[Site "Benasque"]
[Date "1997.??.??"]
[Round "3"]
[White "Borrego, Enrique"]
[Black "Turner, Matthew"]
[Result "0-1"]
[WhiteElo "2215"]
[BlackElo "2430"]

1.e4 c5 2.Nf3 Nc6 3.Bb5 g6 4.O-O Bg7 5.c3 Nf6 6.Re1 O-O 7.d4 d5 8.e5 Ne4
9.Nbd2 Nxd2 10.Bxd2 cxd4 11.cxd4 Qb6 12.Qa4 Bg4 13.Be3 Bxf3 14.gxf3 Rac8
15.Rac1 Nb8 16.b3 a6 17.Bd7 Rxc1 18.Rxc1 Rd8 19.Bd2 Rxd7 20.Ba5 Qe6 21.Rc8+ Bf8
22.Bd2 Nc6 23.Bh6 Nd8  0-1

[Event "Benasque op"]
[Site "Benasque"]
[Date "1997.??.??"]
[Round "5"]
[White "Galego, Luis"]
[Black "Ivanov, Sergey"]
[Result "1/2-1/2"]
[WhiteElo "2475"]
[BlackElo "2515"]

1.e4 c5 2.Nf3 Nc6 3.Bb5 d6 4.Bxc6+ bxc6 5.O-O e5 6.c3 f5 7.Qa4 Nf6 8.exf5 Bxf5
9.Qxc6+ Bd7 10.Qa6 e4 11.Ng5 h6 12.Nxe4 Nxe4 13.Re1 Qh4 14.Qe2 d5 15.d3 Bg4
16.Qf1 Bd6 17.g3 Qh5 18.dxe4 O-O 19.f4 Rae8 20.Qd3 c4 21.Qd4 Bh3 22.e5 Bxe5
23.Qxd5+ Kh8 24.Be3 Rxf4 25.Nd2 Rf5 26.Qxc4 Ref8 27.Bxa7 Qg6 28.Ne4 Qg4 29.Qd3 Rf3
30.Qc2 Bxg3 31.hxg3 Rxg3+ 32.Nxg3 Qxg3+ 33.Kh1 Bg4 34.Re2 Bf3+ 35.Rg2 Rf5
36.Kg1 Bxg2 37.Qxg2 Qd3 38.Bf2 Rg5 39.Qxg5 hxg5 40.Re1 Kh7 41.a4 g4 42.Re3 Qb1+
43.Kg2 Qxb2 44.a5 Qb5 45.Rg3 Qd5+ 46.Kg1 Qd1+ 47.Kg2 Qd5+ 48.Kg1 Qxa5 49.c4 Qa1+
50.Kg2 Qa8+ 51.Kg1 Qe4 52.c5 Qc4 53.Kg2 Kg6 54.Kg1 Kf5 55.Kg2 g5 56.Kg1 Kf4
57.Kg2 Qc2 58.Kg1 Qe4 59.Kh2 Qd5 60.Kg1  1/2-1/2

[Event "Benasque op"]
[Site "Benasque"]
[Date "1997.??.??"]
[Round "6"]
[White "Van Mil, Johannes A J"]
[Black "Perdomo, Jose"]
[Result "1-0"]
[WhiteElo "2405"]
[BlackElo "2210"]

1.e4 c5 2.Nf3 Nc6 3.Bb5 e6 4.O-O Nge7 5.b3 a6 6.Bxc6 Nxc6 7.Bb2 d6 8.d4 cxd4
9.Nxd4 e5 10.Nxc6 bxc6 11.c4 Be7 12.c5 O-O 13.Qc2 Qc7 14.cxd6 Bxd6 15.Nd2 Be6
16.Rac1 Rfc8 17.Nc4 Bxc4 18.Qxc4 Kh8 19.Rc3 Qe7 20.Rd1 f6 21.h3 Ba3 22.Bxa3 Qxa3
23.Rd7 a5 24.Rg3 Rg8 25.Qxc6 Rac8 26.Qb7 Qf8 27.Kh2 a4 28.Rgxg7 Rxg7 29.Rxg7  1-0

[Event "Benasque op"]
[Site "Benasque"]
[Date "1997.??.??"]
[Round "8"]
[White "Vuksanovic, Sanja"]
[Black "Bojkovic, Natasa"]
[Result "0-1"]
[WhiteElo "2260"]
[BlackElo "2405"]

1.e4 c5 2.Nf3 Nc6 3.Bb5 d6 4.Bxc6+ bxc6 5.O-O e5 6.Re1 g5 7.d3 h6 8.c3 Bg7
9.Na3 Ne7 10.Nc2 Ng6 11.Be3 Rb8 12.b4 Nf4 13.Kh1 O-O 14.Qd2 cxb4 15.Nxb4 Qd7
16.Ng1 c5 17.Bxf4 exf4 18.Nd5 Bb7 19.Rab1 Bxd5 20.exd5 Qa4 21.c4 a5 22.h4 Bf6
23.hxg5 hxg5 24.g3 fxg3 25.fxg3 Qd7 26.Kg2 Kg7 27.Rxb8 Rxb8 28.Qxa5 Qg4 29.Re2 Rb1
30.Nf3 Be5 31.Rxe5 Rb2+ 32.Nd2 dxe5 33.Qc3 Qe2+  0-1

[Event "Berliner Sommer"]
[Site "Berlin"]
[Date "1997.??.??"]
[Round "7"]
[White "Ardeleanu, Alin"]
[Black "Zagorskis, Darius"]
[Result "1/2-1/2"]
[WhiteElo "2400"]
[BlackElo "2485"]

1.e4 c5 2.Nf3 Nc6 3.Bb5 d6 4.O-O Bg4 5.h3 Bh5 6.c3 Qb6 7.Na3 a6 8.Ba4 e6
9.Re1 Nf6 10.e5 Nd7 11.Nc4 Qc7 12.Nxd6+ Bxd6 13.exd6 Qxd6 14.d4 cxd4 15.Bxc6 Qxc6
16.Nxd4 Bxd1 17.Nxc6 Bh5 18.Ne5 Nxe5 19.Rxe5 Bg6 20.Be3 Rd8 21.Kf1 O-O 22.Ke1  1/2-1/2

[Event "Mermaid Beach Club"]
[Site "Bermuda"]
[Date "1997.??.??"]
[Round "4"]
[White "Shaked, Tal"]
[Black "Bezold, Michael"]
[Result "1-0"]
[WhiteElo "2445"]
[BlackElo "2500"]

1.e4 c5 2.Nf3 Nc6 3.Bb5 e6 4.O-O Nge7 5.Nc3 a6 6.Bxc6 Nxc6 7.d4 cxd4 8.Nxd4 d6
9.Re1 Be7 10.Nxc6 bxc6 11.Qg4 Kf8 12.b3 f6 13.Ba3 e5 14.Qg3 g5 15.Rad1 Kf7
16.Na4 Qc7 17.c4 Be6 18.Re3 Rhd8 19.Red3 Qa5 20.h4 h6 21.Bxd6 Bxc4 22.bxc4 Qxa4
23.Qf3 Qxc4 24.Bxe7 Kxe7 25.Rxd8 Rxd8 26.Rxd8 Kxd8 27.Qxf6+ Kd7 28.Qxe5 gxh4
29.Qf5+ Kc7 30.Qf4+ Kd7 31.Qg4+ Kc7 32.Qxh4 c5 33.Qe7+ Kc6 34.Qf6+ Kb5 35.e5 Qd4
36.Qf5 Qd5 37.g4 c4 38.a4+ Kb4 39.Qf4 Qe6 40.Kf1  1-0

[Event "Bethune op"]
[Site "Bethune"]
[Date "1997.??.??"]
[Round "6"]
[White "Degraeve, Jean Marc"]
[Black "Ikonnikov, Vyacheslav"]
[Result "1/2-1/2"]
[WhiteElo "2540"]
[BlackElo "2550"]

1.e4 c5 2.Nf3 Nc6 3.Bb5 g6 4.O-O Bg7 5.Bxc6 dxc6 6.h3 e5 7.d3 Qe7 8.Be3 Nf6
9.Nbd2 O-O 10.a3 b6 11.Nc4 Nd7 12.Re1 Ba6 13.Nfd2 Rfd8 14.Qb1 Nf8 15.b4 Ne6
16.bxc5 bxc5 17.Qb3 Nd4 18.Bxd4 cxd4 19.Qa4 Qb7 20.Reb1 Qc8 21.Qa5 f6 22.Rb3 Bf8
23.Rab1 c5 24.Qa4 Qe6 25.Na5 Rac8 26.Ndc4 Qd7 27.Qxd7 Rxd7 28.g3 g5 29.Kg2 Kf7
30.f3 Be7 31.Nd2 h5 32.Nac4 Rg8 33.Rb8 Rdd8 34.Rxd8  1/2-1/2

[Event "Biel op MTO"]
[Site "Biel"]
[Date "1997.??.??"]
[Round "9"]
[White "Cherniaev, Alexander"]
[Black "Bhend, Edwin"]
[Result "1/2-1/2"]
[WhiteElo "2480"]
[BlackElo "2285"]

1.e4 c5 2.Nf3 Nc6 3.Bb5 g6 4.O-O Bg7 5.c3 Nf6 6.Qe2 O-O 7.d4 cxd4 8.cxd4 d5
9.e5 Ne4 10.Bxc6 bxc6 11.Be3 f5 12.exf6 exf6 13.Rc1 Qd6 14.Ne1 Ng5 15.Qc2 Bd7
16.Nd2 Ne6 17.Nb3 f5 18.f3 Rfb8 19.Qd2 f4 20.Bf2 Rb5 21.Nd3 Rab8 22.Ndc5 Nxc5
23.Rxc5 R5b6 24.Re1 Qf6 25.Rcc1 Qf7 26.Re2 g5 27.Nc5 g4 28.b3 gxf3 29.gxf3 Bh3
30.Kh1 Qh5 31.Qc3 Rf8 32.Rg1 Rf6 33.Re5 Bf5 34.Nd7 Rg6 35.Rxg6 Qxg6 36.Rxf5 Qxf5
37.Nxb6 Qb1+ 38.Bg1 Qf1 39.h4 Qh3+ 40.Bh2 Qf1+ 41.Bg1  1/2-1/2

[Event "Biel op MTO"]
[Site "Biel"]
[Date "1997.??.??"]
[Round "11"]
[White "Tischbierek, Raj"]
[Black "Cebalo, Miso"]
[Result "1/2-1/2"]
[WhiteElo "2515"]
[BlackElo "2485"]

1.e4 c5 2.Nf3 Nc6 3.Bb5 e6 4.O-O Nge7 5.Re1 a6 6.Bxc6 Nxc6 7.d4 cxd4 8.Nxd4 d6
9.Nc3 Be7 10.Nxc6 bxc6 11.Qg4 Kf8 12.b3 e5 13.Qg3 h5 14.h3 g5 15.Ba3 Qa5
16.Na4 Be6 17.Rad1 Rd8 18.c4 c5 19.Bc1 Rg8 20.h4 Bg4 21.hxg5 Bxd1 22.Rxd1 Rg6
23.Qh4 Kg7 24.Bd2 Qc7 25.Nc3 Rg8 26.Nd5 Qd8 27.f4 exf4 28.Bc3+ Kf8 29.Nf6 Rxg5
30.Nh7+ Ke8 31.Nxg5 Rxg5 32.Qxf4 Qd7 33.Qf3 Qg4 34.Qxg4 Rxg4 35.e5 dxe5 36.Bxe5 Re4
37.Bg3 Re2 38.Re1 Rxe1+ 39.Bxe1 Kd7 40.Kf1 Ke6 41.Ke2 Ke5 42.Ke3 Bg5+ 43.Kf3 Be7
44.Bc3+ Kf5 45.a3 Bd6 46.b4 cxb4 47.axb4 Be7 48.Be1 Ke5 49.Ke3 Bg5+ 50.Kd3 Be7
51.Bd2 Bf8 52.Bc3+ Ke6 53.Ke4 f5+ 54.Kf4 Bh6+ 55.Kg3 Bg5 56.Kf3 Kd6 57.Bd4 Kc6
58.Be3 Be7 59.Bd2 Bd6 60.Be1 Be5 61.Ke3 Kb6 62.Bh4 Kc6 63.Kd3 Bd6 64.Kc3 Be5+
65.Kb3 Bd6 66.Ka4 Bc7 67.Bf2 Bd8 68.Be1 Bc7 69.b5+ axb5+ 70.cxb5+ Kd5 71.Ba5 Bg3
72.Bd8 Be1 73.Kb3 Kc5 74.b6 Kc6 75.Kc4 Bf2 76.Kd3 h4 77.Ke2 Bxb6 78.Bxb6 Kxb6
79.Kf3 Kc6 80.Kf4 Kd6 81.Kxf5 h3  1/2-1/2

[Event "Bled op18th"]
[Site "Bled"]
[Date "1997.??.??"]
[Round "2"]
[White "Muellneritsch, Anton"]
[Black "Ankerst, Milka"]
[Result "1/2-1/2"]
[WhiteElo "2285"]
[BlackElo "2175"]

1.e4 c5 2.Nf3 Nc6 3.Bb5 g6 4.O-O Bg7 5.c3 e6 6.Re1 Nge7 7.Na3 O-O 8.Nc2 Qc7
9.d4 d6 10.Bg5 b6 11.Qd2 Bb7 12.Bh6 Rac8 13.Bxg7 Kxg7 14.Ne3 Ng8 15.d5 Nd8
16.dxe6 Nxe6 17.Nd5 Qb8 18.Rad1 Rcd8 19.Ba4 Nc7 20.c4 Bc8 21.Qc3+ f6 22.Ng5 Ne6
23.Nxe6+ Bxe6 24.f4 Bd7 25.Bxd7 Rxd7 26.e5 Qd8 27.exf6+ Kf7 28.Qh3 Nxf6 29.Nxf6 Kxf6
30.Re6+ Kg7 31.Qe3 Kg8 32.g3 d5 33.cxd5 Rxd5 34.Re1 Rd1 35.Re7 Rxe1+ 36.Qxe1 Qd4+
37.Qf2 Rd8 38.Qxd4 Rxd4 39.Re2 Kf7 40.Kf2 Kf6 41.Kf3 a6 42.g4 h6 43.b3 a5
44.Rc2 Rd1 45.Re2 Rd3+ 46.Ke4 Rd4+ 47.Kf3 c4 48.bxc4 Rxc4 49.Rb2 Rc6 50.Ke4 Ke6
51.Kd4 Kd6 52.f5 gxf5 53.gxf5 Ke7 54.Rg2 b5 55.Kd5 Rc3 56.Kd4 b4 57.Ke5 Rc5+
58.Ke4 h5 59.Rg7+ Kf6 60.Rg6+ Kf7 61.Ra6 Rc2 62.Rxa5 Rxh2 63.Kf4 Rg2 64.Ke5 Re2+
65.Kf4 Rg2 66.Ra7+ Kf6 67.Ra6+  1/2-1/2

[Event "SLO-chT (Women)"]
[Site "Bled"]
[Date "1997.??.??"]
[Round "2"]
[White "Ankerst, Milka"]
[Black "Kosec, Tina"]
[Result "0-1"]
[WhiteElo "2175"]
[BlackElo "2085"]

1.e4 c5 2.Nf3 Nc6 3.Bb5 g6 4.O-O Bg7 5.d3 e5 6.Bxc6 bxc6 7.Be3 d6 8.h3 Ne7
9.Nbd2 O-O 10.Nh2 f5 11.f3 Be6 12.c3 h6 13.Qa4 a5 14.f4 Kh7 15.fxe5 Bxe5
16.Nhf3 Bg7 17.Bg5 Bd7 18.Be3 Be6 19.Rfe1 fxe4 20.dxe4 Qc8 21.Qd1 Qb8 22.Nf1 Nc8
23.Qd2 Nb6 24.b3 a4 25.Rab1 axb3 26.axb3 Ra3 27.e5 Nd5 28.c4 Nxe3 29.Rxe3 dxe5
30.Ng3 Qa7 31.Nh4 Ra1 32.Qc2 Rxb1+ 33.Qxb1 Bf7 34.Nh5 Qe7 35.Qe4 Bh8 36.Rg3 Qd6
37.Rd3 Qe6 38.Rf3 Rd8 39.Rf1 Rd4  0-1

[Event "Bled op18th"]
[Site "Bled"]
[Date "1997.??.??"]
[Round "7"]
[White "Golubovic, Boris"]
[Black "Grabert, Ralf"]
[Result "1-0"]
[WhiteElo "2450"]
[BlackElo "2280"]

1.e4 c5 2.Nf3 Nc6 3.Bb5 g6 4.O-O Bg7 5.Re1 Nf6 6.e5 Nd5 7.Nc3 Nc7 8.Bxc6 dxc6
9.Ne4 Ne6 10.d3 O-O 11.Be3 b6 12.Qd2 Nd4 13.Nxd4 cxd4 14.Bh6 Bxe5 15.Bxf8 Qxf8
16.a4 a5 17.b4 f5 18.Ng5 Bd6 19.bxa5 Rxa5 20.c3 Qf6 21.Qa2+ Rd5 22.c4 Rc5
23.Nf3 g5 24.Qb2 g4 25.Nd2 Bxh2+ 26.Kxh2 Qh4+ 27.Kg1 f4 28.Qxd4 Rh5 29.Kf1 f3
30.Nxf3  1-0

[Event "Clarin GP1 Boca Juniors"]
[Site "Boca"]
[Date "1997.??.??"]
[Round "4"]
[White "Spangenberg, Hugo"]
[Black "Pierrot, Facundo"]
[Result "1-0"]
[WhiteElo "2550"]
[BlackElo "2410"]

1.e4 c5 2.Nf3 Nc6 3.Bb5 e6 4.O-O Nge7 5.Nc3 Nd4 6.Re1 Nxf3+ 7.Qxf3 Ng6 8.a4 b6
9.a5 Bb7 10.a6 Bc6 11.Bxc6 dxc6 12.e5 Rc8 13.g3 Ne7 14.Ra4 Nf5 15.Rf4 Be7
16.h4 O-O 17.d3 b5 18.Rg4 Kh8 19.h5 h6 20.b3 Qa5 21.Bd2 Qxa6 22.Ne4 c4 23.dxc4 bxc4
24.bxc4 Rcd8 25.Nd6 Qa2 26.Qc3 Nxd6 27.exd6 Bf6 28.Qd3 e5 29.c5 Qe6 30.Ra4 Ra8
31.Qe4 Rfc8 32.Ra6 Qd7 33.Rea1 Qb7 34.Bc3 Qd7 35.Kg2 Bg5 36.Bxe5 f6 37.Bd4 f5
38.Qf3 f4 39.g4 Kg8 40.R1a4  1-0

[Event "Slovan op"]
[Site "Bratislava"]
[Date "1997.??.??"]
[Round "4"]
[White "Oral, Tomas"]
[Black "Todor, Razvan"]
[Result "1-0"]
[WhiteElo "2415"]
[BlackElo "2130"]

1.e4 c5 2.Nf3 Nc6 3.Bb5 e6 4.O-O Nge7 5.c3 a6 6.Ba4 c4 7.d4 cxd3 8.Qxd3 b5
9.Bc2 Ng6 10.Nbd2 Be7 11.a4 Rb8 12.axb5 axb5 13.Nb3 O-O 14.Nfd4 b4 15.f4 Bb7
16.Be3 d6 17.Nxc6 Bxc6 18.c4 Qc7 19.Ra7 Rb7 20.Ra6 Rbb8 21.Na5 Bb7 22.Nxb7 Rxb7
23.Ba4 Rc8 24.Bc6 Rbb8 25.Ba7 Ra8 26.Bxa8 Rxa8 27.Bb6 Qb7 28.Rxa8+ Qxa8 29.Bd4 e5
30.fxe5 Nxe5 31.Bxe5 dxe5 32.Qd5 Qa7+ 33.Kh1 Bf6 34.c5  1-0

[Event "Bratto op"]
[Site "Bratto"]
[Date "1997.??.??"]
[Round "2"]
[White "Nurkic, Sahbaz"]
[Black "Genocchio, Daniele"]
[Result "1-0"]
[WhiteElo "2395"]
[BlackElo "2175"]

1.e4 c5 2.Nf3 Nc6 3.Bb5 Qc7 4.O-O Nf6 5.Re1 a6 6.Bf1 d6 7.h3 g6 8.c3 e5 9.d4 Bg7
10.d5 Nb8 11.a4 b6 12.b4 Nbd7 13.Nbd2 O-O 14.Ba3 Ne8 15.a5 bxa5 16.bxc5 Nxc5
17.Bxc5 Qxc5 18.c4 f5 19.Nb3 Qc7 20.c5 fxe4 21.Ng5 dxc5 22.Nxe4 Nd6 23.Nbxc5 Bf5
24.Rc1 Rac8 25.Bxa6 Bxe4 26.Bxc8 Rxc8 27.Qd2 Qxc5 28.Rxc5 Rxc5 29.Qe3 Rxd5
30.Rc1 Rd4 31.Rc7 Bd5 32.Qg5 Nf7 33.Rc8+ Bf8 34.Qe7  1-0

[Event "Ciocaltea mem"]
[Site "Bucharest"]
[Date "1997.??.??"]
[Round "13"]
[White "Iordachescu, Viorel"]
[Black "Moldovan, Daniel"]
[Result "1/2-1/2"]
[WhiteElo "2485"]
[BlackElo "2435"]

1.e4 c5 2.Nf3 Nc6 3.Bb5 g6 4.Bxc6 dxc6 5.h3 Bg7 6.d3 Nf6 7.Nc3 O-O 8.Be3 b6
9.Qd2 e5 10.Bh6 Qd6 11.Qg5 Re8 12.O-O-O a5 13.h4 Bxh6 14.Qxh6 Qf8 15.Qe3 a4
16.a3 b5 17.Nd2 b4 18.Ncb1 Be6 19.f3 Nh5 20.Rhg1 Qd6 21.g3 Rab8 22.Rdf1 Qd4
23.Qxd4 cxd4 24.axb4 Rxb4 25.Na3 Nf6 26.Ndc4 Nd7 27.f4 f6 28.g4 Rf8 29.Nd6 exf4
30.Rxf4 Ne5 31.Rg3 Rd8 32.Nf5 Kf7 33.Nh6+ Kg7 34.Nf5+ Kf7 35.Nh6+ Kg7 36.Nf5+  1/2-1/2

[Event "Budapest FS12 GM"]
[Site "Budapest"]
[Date "1997.??.??"]
[Round "1"]
[White "Barczay, Laszlo"]
[Black "Tomescu, Vlad"]
[Result "1-0"]
[WhiteElo "2395"]
[BlackElo "2410"]

1.e4 c5 2.Nf3 Nc6 3.Bb5 e6 4.O-O Nge7 5.Re1 a6 6.Bxc6 Nxc6 7.d4 cxd4 8.Nxd4 d6
9.Nc3 Be7 10.Nxc6 bxc6 11.Qg4 g6 12.e5 dxe5 13.Rxe5 O-O 14.Bh6 Re8 15.Rd1 Qc7
16.Re3 e5 17.Qe2 Be6 18.Kh1 Rab8 19.b3 Rb4 20.f4 Bf8 21.Bxf8 Kxf8 22.Rxe5 Rxf4
23.Re1 Rd8 24.h3 a5 25.Qe3 Rf5 26.Re4 Kg7 27.Ne2 c5 28.Qc3+ Kg8 29.Nd4 Rf6
30.Nc6 Rf1+ 31.Rxf1 Qxc6 32.Re2 Rd4 33.Qg3 a4 34.c4 axb3 35.axb3 h5 36.Rf6 h4
37.Qb8+ Kh7 38.Rexe6  1-0

[Event "Budapest FS06 IM"]
[Site "Budapest"]
[Date "1997.??.??"]
[Round "2"]
[White "Strausz, Janos"]
[Black "Salinnikov, DY."]
[Result "0-1"]
[WhiteElo "2190"]
[BlackElo "2260"]

1.e4 c5 2.Nf3 Nc6 3.Bb5 e5 4.O-O Nge7 5.c4 d6 6.h3 Ng6 7.d3 Be7 8.Nc3 h6
9.Nd5 Bg5 10.Nh2 O-O 11.Bxc6 bxc6 12.f4 cxd5 13.fxg5 hxg5 14.cxd5 Rb8 15.Rf2 Nf4
16.Bxf4 gxf4 17.Nf3 g5 18.Ne1 Kg7 19.Rc1 Rh8 20.Rcc2 Bd7 21.Qf3 Rh6 22.g4 Qa5
23.Rcd2 Qxa2 24.Kf1 Rb3 25.Rh2 c4 26.Qd1 cxd3 27.Nf3 f6 28.Kg1 Rb4 29.Qc1 Rc4
30.Qe1 Qa5 31.Qd1 Qc5+ 32.Kf1 Rc1  0-1

[Event "Budapest FS03 IM-A"]
[Site "Budapest"]
[Date "1997.??.??"]
[Round "4"]
[White "Mashinskaya, Iulia"]
[Black "Pinski, Jan"]
[Result "1/2-1/2"]
[WhiteElo "2240"]
[BlackElo "2245"]

1.e4 c5 2.Nf3 Nc6 3.Bb5 e6 4.Bxc6 bxc6 5.d3 Qc7 6.e5 f6 7.Qe2 fxe5 8.Nxe5 Nf6
9.Bg5 Be7 10.f4 O-O 11.Nd2 d6 12.Nec4 Rb8 13.Rb1 d5 14.Ne5 c4 15.O-O cxd3
16.Nxd3 c5 17.c4 d4 18.Rbe1 Bd6 19.Bxf6 gxf6 20.Ne4 Bd7 21.b3 Kh8 22.Qh5 Be8  1/2-1/2